000 00982nam a2200265 i 4500
001 12524
003 ES-MaACL
005 20230906150332.0
007 t|
008 961113s1995 sp a |||| | spa j
020 _a84-376-1375-2
080 _a830"17/18"(082.2)
245 0 0 _aAntología de románticas alemanas /
_cedición de Federico Bermúdez-Cañete y Esther Trancón y Widemann ; traducción de Federico Bermúdez-Cañete y Esther Trancón Widemann.
260 _aMadrid :
_bCátedra,
_c[1995]
300 _a454 p. :
_bil. ;
_c18 cm.
490 1 _aLetras universales ;
_v227
504 _aBibliografía: p. 145-153.
546 _aIntroducción en español; textos en alemán y traducción en español.
650 1 4 _aLiteratura alemana-
_xAutoras.
_9169414
700 1 _aBermúdez-Cañete, Federico.
_928135
700 1 _aTrancón y Widemann, Esther.
_9111224
830 0 _aLetras universales ;
_v227
_9178013
852 _aES-MaACL
_jL-19932
999 _c12524
_d12524